=LDR 00000nam 2200000 4500 =001 INLIS000000000052990 =005 20180321085227 =035 ##$$a 0010-0318000217 =007 ta =008 180321###########################0###### =020 ##$$a 978-979-007-187-2 =082 ##$$a 631.5 =084 ##$$a 631.5 TIM t =100 #$$a Tim Kreatif SG =245 1#$$a Teknik Memperbanyak Tanaman /$c Tim Kreatif SG =260 ##$$a Jakarta :$b Bumi Askara,$c 2008 =300 ##$$a 26 hlm : $b ilus ; $c 20 cm.--- ( Seri Keterampilan ) =650 ##$$a Tanaman-Perkembangbiakan =504 ##$$a Bibliografi : 27 hlm =990 ##$$a 62526252 =990 ##$$a 62526252 =990 ##$$a 62526252 =990 ##$$a 62526252 =990 ##$$a 62526252 =990 ##$$a 21710361 =990 ##$$a 01201806252 =990 ##$$a 01201806253 =990 ##$$a 01201806254 =990 ##$$a 01201806255 =990 ##$$a 21710362 =990 ##$$a 01201806252 =990 ##$$a 01201806253 =990 ##$$a 01201806254 =990 ##$$a 21710361 =990 ##$$a 21710363 =990 ##$$a 01201806252 =990 ##$$a 01201806253 =990 ##$$a 21710362 =990 ##$$a 21710361 =990 ##$$a 21710364 =990 ##$$a 01201806252 =990 ##$$a 21710363 =990 ##$$a 21710362 =990 ##$$a 21710361 =990 ##$$a 21710365 =990 ##$$a 21710364 =990 ##$$a 21710363 =990 ##$$a 21710362 =990 ##$$a 21710361